| 000 | 00809nas a2200265 4500 | ||
|---|---|---|---|
| 001 | BR9606554 | ||
| 003 | BR-BrBNA | ||
| 005 | 20231205095357.0 | ||
| 007 | ta | ||
| 008 | 230509b bl.|||p| |||| 00| 00por d | ||
| 040 |
_aBR-BrBNA _bpor _cBiblioteca Nacional de Agricultura |
||
| 041 | _a(Pt) | ||
| 072 | _aF60 | ||
| 100 | 1 | _aAlves, R. de B. das N. | |
| 100 | 1 | _aSant'Anna, R. | |
| 100 | 1 | _aCambraia, J. | |
| 100 | 1 | _aBorges, A.C. | |
| 245 | 1 | _aComposicao do N soluvel total de plantas de soja durante o estagio reprodutivo | |
| 650 | _aSoja | ||
| 650 | _aAminoacido | ||
| 650 | _aFisiologia Vegetal | ||
| 773 | 0 |
_tRevista Brasileira de Fisiologia Vegetal (Brazil) _xISSN 0103-3131 _g(Jan-Jun 1994), v. 6(1) p. 47-52 _wBR9606554 |
|
| 909 |
_a202311 _bLúcia _c55 _dLúcia Elande |
||
| 942 |
_2AGRIS _n0 _cANA |
||
| 999 |
_c150318 _d150318 |
||